Kỹ thuật gieo trồng chế biến chè và cà phê

Wedi'i Gadw mewn:
Manylion Llyfryddiaeth
Prif Awdur: Bùi, Thế Đạt
Fformat: Llyfr
Iaith:Undetermined
Cyhoeddwyd: Hà Nội Nông Nghiệp 1999
Pynciau:
Tagiau: Ychwanegu Tag
Dim Tagiau, Byddwch y cyntaf i dagio'r cofnod hwn!
Thư viện lưu trữ: Trung tâm Học liệu Trường Đại học Cần Thơ
LEADER 00576nam a2200193Ia 4500
001 CTU_53169
008 210402s9999 xx 000 0 und d
020 |b 7000 
082 |a 633.7 
082 |b Đ110 
100 |a Bùi, Thế Đạt 
245 0 |a Kỹ thuật gieo trồng chế biến chè và cà phê 
245 0 |c Bùi Thế Đạt , Vũ Kắc Nhượng 
260 |a Hà Nội 
260 |b Nông Nghiệp 
260 |c 1999 
650 |a Coffee,Tea 
650 |x Crops,Crops 
980 |a Trung tâm Học liệu Trường Đại học Cần Thơ